| 000 | 00560nam a2200229Ia 4500 | ||
|---|---|---|---|
| 003 | OSt | ||
| 005 | 20221005132128.0 | ||
| 006 | a|||||r|||| 00| 0 | ||
| 007 | ta | ||
| 008 | 221004b |||||||| |||| 00| 0 tam d | ||
| 024 | _a47028 | ||
| 037 | _cTextual | ||
| 040 |
_aCRL _cCRL _btam |
||
| 041 |
_2tam _atam |
||
| 082 | _aL87:57, 31H4 | ||
| 100 |
_aArunachalam Au. _9191606 |
||
| 245 | 0 | _aThambi unathuthol | |
| 260 | _c1944 | ||
| 650 | _aMEDICINE | ||
| 942 |
_hL87:57, 31H4 _cTEXL _2cc |
||
| 999 |
_c1062506 _d1062506 |
||